[Event "San Jose Banco Central op"]
[Site "San Jose"]
[Date "2019.10.29"]
[Round "1"]
[White "Espinoza Sevilla, Erick"]
[Black "Gutierrez Soto, Gilberth"]
[Result "1-0"]
[WhiteElo "1540"]
[BlackElo "1773"]
[PlyCount "63"]
[EventDate "2019.10.29"]
[EventType "swiss"]
[EventRounds "7"]
[EventCountry "CRI"]
[SourceTitle "EXT 2021"]
[Source "ChessBase"]
[SourceDate "2020.10.23"]
[SourceVersion "1"]
[SourceVersionDate "2020.10.23"]
[SourceQuality "1"]

1. e4 c5 2. Nf3 d6 3. d3 g6 4. g3 Bg7 5. Bg2 Nc6 6. 0-0 Rb8 7. Nbd2 b5 8. Re1 e6 9. Nf1 Nge7 10. c3 b4 11. d4 0-0 12. h4 Ba6 13. N1h2 bxc3 14. bxc3 Qa5 15. Bd2 Rb2 16. a3 Rfb8 17. Ng4 cxd4 18. cxd4 Qh5 19. Bh3 R8b3 20. Be3 Bd3 21. e5 Nd5 22. exd6 Bf5 23. Rc1 Nc3 24. Rxc3 Rxc3 25. Nfe5 Nxe5 26. dxe5 Rb1 27. d7 Rxd1 28. Rxd1 h6 29. d8Q+ Kh7 30. Bxh6 Bxg4 31. Bxg7 Kxg7 32. Qf6+ 1-0